Land and House Property Year Book (Record no. 119079)

MARC details
000 -LEADER
fixed length control field 00488cas a22001815a 4500
001 - CONTROL NUMBER
control field L139258
008 - FIXED-LENGTH DATA ELEMENTS--GENERAL INFORMATION
fixed length control field 070724d18931923xxkar p 0 a0eng u
035 ## - SYSTEM CONTROL NUMBER
System control number (Sirsi) u139258
041 0# - LANGUAGE CODE
Language code of text/sound track or separate title eng
245 00 - TITLE STATEMENT
Title Land and House Property Year Book
260 ## - PUBLICATION, DISTRIBUTION, ETC.
Place of publication, distribution, etc. London
Name of publisher, distributor, etc. Frank P. Wilson, Estates Gazette Office
Date of publication, distribution, etc. 1893-1923
362 0# - DATES OF PUBLICATION AND/OR SEQUENTIAL DESIGNATION
Dates of publication and/or sequential designation 1892-1922
554 ## -
-- One per year
651 #4 - SUBJECT ADDED ENTRY--GEOGRAPHIC NAME
Geographic name England
Chronological subdivision 886-
690 ## - LOCAL SUBJECT ADDED ENTRY--TOPICAL TERM (OCLC, RLIN)
Topical term or geographic name as entry element Auctioneering
9 (RLIN) 6218
785 00 - SUCCEEDING ENTRY
Title Estate Exchange Year Book
942 ## - ADDED ENTRY ELEMENTS (KOHA)
Suppress in OPAC 0
Holdings
Withdrawn status Lost status Source of classification or shelving scheme Damaged status Not for loan Home library Current library Shelving location Date acquired Total Checkouts Full call number Barcode Date last seen Price effective from Koha item type
    Dewey Decimal Classification     London London Basement 24/07/2007   RESULTS OF AUCTION SALES 139258-1001 06/08/2019 06/08/2019 Journal